Columbia law review

Bibliographic Details
Corporate Author: Columbia University. School of Law
Format: Electronic Journal
Language:English
Published: New York, N.Y. : Columbia University Press, 1901-
Subjects:
Online Access:Full text available from Research Library: 01/01/2013 to 1 year ago

MARC

LEADER 00000nas a2200000 a 4500
001 ssj0001582
003 WaSeSS
005 20200512172242.0
006 m d
007 cr n
008 010514c19019999nyumr pssg 0 a0eng c
010 |a  2004235699 
016 7 |a 2066154-X  |2 DE-600 
016 7 |a 012399645  |2 Uk 
022 |a 1945-2268  |l 0010-1958  |y 0010-1958 
035 |a (WaSeSS)ssj0001582 
037 |b Columbia Law Review, 435 West 116th Street, New York, NY 10027 
040 |a FPS  |b eng  |e pn  |c FPS  |d OCLCQ  |d EYM  |d HUL  |d OCLCQ  |d EYM  |d NSD  |d OCLCQ  |d DOS  |d OCLCF  |d OCLCA  |d OCLCE  |d UKMGB  |d UBF  |d OCLCQ  |d OCL  |d OCLCQ  |d CGU  |d OCLCQ  |d DEBBG  |d VT2  |d OCLCQ  |d OCLCO  |d ZAC  |d OCLCA  |d DLC  |d U3W  |d UUM  |d GILDS  |d OCLCO  |d INARC  |d AU@  |d OCLCO  |d OCLCA  |d NJT  |d OCLCO  |d UAB  |d Z5A  |d WT2  |d RCE  |d YOU  |d FIE  |d LIP  |d XFH  |d LND  |d WYU  |d AUD  |d CEF  |d YOR  |d CCT  |d CUS  |d OCLCQ  |d OCLCO  |d OCLCA  |d WaSeSS 
042 |a pcc  |a nsdp  |a dlr  |a dlr 
043 |a n-us-ny 
050 1 4 |a K3  |b .O355 online 
060 1 0 |a W1  |b CO285 
082 1 0 |a 340  |2 14 
210 0 |a Columbia law rev.  |b (Online) 
222 0 |a Columbia law review  |b (Online) 
245 0 0 |a Columbia law review  |h [electronic resource]. 
260 |a New York, N.Y. :  |b Columbia University Press,  |c 1901- 
310 |a Eight issues yearly (monthly during the school year) 
362 0 |a Vol. 1, no. 1 (Jan. 1901)- 
500 |a Publisher varies: Columbia Law Review, Jan. 1913-<Nov. 1946>; Columbia University School of Law, <Jan. 1947-> 
506 |a License restrictions may limit access. 
515 |a Suspended from July 1918 to Feb. 1919, inclusive. 
538 |a Master and use copy. Digital master created according to Benchmark for Faithful Digital Reproductions of Monographs and Serials, Version 1. Digital Library Federation, December 2002.  |u http://purl.oclc.org/DLF/benchrepro0212  |5 MiAaHDL 
550 |a Published by Columbia law students. 
583 1 |a digitized  |c 2011  |h HathiTrust Digital Library  |l committed to preserve  |2 pda  |5 MiAaHDL 
588 |a Description based on: Vol. 1, no. 1 (Jan. 1901); title from title screen (JSTOR, viewed Apr. 14, 2004). 
588 |a Latest issue consulted: Vol. 113, no. 6 (October 2013) (publisher's Web site, viewed November 1, 2013). 
650 0 |a Law  |v Periodicals. 
650 2 |a Jurisprudence. 
650 6 |a Droit  |z New York (État)  |v Périodiques. 
650 7 |a Law.  |2 fast  |0 (OCoLC)fst00993678 
650 1 7 |a Recht.  |2 gtt 
650 7 |a Law.  |2 galestne 
653 0 |a Law 
655 0 |a Electronic journals. 
710 2 |a Columbia University.  |b School of Law. 
776 0 8 |i Print version:  |t Columbia law review  |x 0010-1958  |w (DLC) 29010105  |w (OCoLC)1564231 
787 0 8 |i Companion publication:  |t Columbia law review. Sidebar  |w (DLC) 2013267039  |w (OCoLC)191736294 
856 4 0 |z Full text available from Research Library: 01/01/2013 to 1 year ago  |u https://search.proquest.com/publication/4283